000 00515cam a22001932a 4500
001 025204
003 AR-FADEU
008 311216n1971####xxu####################dd
092 _a320.532 2
_bL563t
_eJLS
100 _aLenin, Vladimir Ilich
245 _aEl trabajo del partido entre las masas
260 _aBuenos Aires
260 _bAnteo
260 _c1971
300 _a120 p
440 _aPequeña biblioteca, marxista leninista
650 _aPARTIDOS POLITICOS; MARXISMO-LENINISMO/JLS/
942 _cJLS
999 _c30890
_d30890